| 000 | 00380 a2200157 4500 | ||
|---|---|---|---|
| 001 | 157205 | ||
| 020 | _a8506010322 | ||
| 040 | _cEscola São Tomás de Aquino | ||
| 100 | _aMACHADO, Ana Maria | ||
| 240 | 1 | 0 |
_aMenina bonita do laço de fita _lpor |
| 245 | 1 | 0 | _aMenina bonita do laço de fita |
| 300 | _a16 p. | ||
| 362 | 0 | _a1986 | |
| 697 | _a*LITERATURA INFANTO | ||
| 942 | _cBK | ||
| 999 |
_c157205 _d157205 |
||